Invasive species management for infrastructure managers and the construction industry (Record no. 114845)
[ view plain ]
| 000 -LEADER | |
|---|---|
| fixed length control field | 00941cam a22002415a 4500 |
| 001 - CONTROL NUMBER | |
| control field | L157574 |
| 008 - FIXED-LENGTH DATA ELEMENTS--GENERAL INFORMATION | |
| fixed length control field | 130124s2008 xxk f 000 0 eng d |
| 020 ## - INTERNATIONAL STANDARD BOOK NUMBER | |
| International Standard Book Number | 9780860176794 |
| 035 ## - SYSTEM CONTROL NUMBER | |
| System control number | (Sirsi) u157574 |
| 041 0# - LANGUAGE CODE | |
| Language code of text/sound track or separate title | eng |
| 050 04 - LIBRARY OF CONGRESS CALL NUMBER | |
| Classification number | 333.70285 |
| 100 1# - MAIN ENTRY--PERSONAL NAME | |
| Personal name | Booy, O |
| 110 2# - MAIN ENTRY--CORPORATE NAME | |
| Corporate name or jurisdiction name as entry element | CIRIA |
| 245 00 - TITLE STATEMENT | |
| Title | Invasive species management for infrastructure managers and the construction industry |
| 260 ## - PUBLICATION, DISTRIBUTION, ETC. | |
| Place of publication, distribution, etc. | London |
| Name of publisher, distributor, etc. | CIRIA |
| Date of publication, distribution, etc. | 2008 |
| 520 ## - SUMMARY, ETC. | |
| Summary, etc. | Part A of the guide describes the effect invasive species have, and the legislation and policy that regulate their management. There is a section on risk management and one on post-management surveillance, monitoring and maintenance to ensure any invasion or reinvasion is dealt with appropriately. |
| 590 ## - LOCAL NOTE (RLIN) | |
| Local note | KA |
| 650 24 - SUBJECT ADDED ENTRY--TOPICAL TERM | |
| Topical term or geographic name entry element | INVASIVE SPECIES, MANAGEMENT, INFRASTRUCTURE, CONSTRUCTION INDUSTRY |
| 651 #4 - SUBJECT ADDED ENTRY--GEOGRAPHIC NAME | |
| Geographic name | ENGLAND AND WALES |
| 700 1# - ADDED ENTRY--PERSONAL NAME | |
| Personal name | Wade, M |
| 700 1# - ADDED ENTRY--PERSONAL NAME | |
| Personal name | White, V |
| 942 ## - ADDED ENTRY ELEMENTS (KOHA) | |
| Suppress in OPAC | 0 |
| Withdrawn status | Lost status | Source of classification or shelving scheme | Damaged status | Not for loan | Home library | Current library | Shelving location | Date acquired | Total Checkouts | Full call number | Barcode | Date last seen | Copy number | Price effective from | Koha item type |
|---|---|---|---|---|---|---|---|---|---|---|---|---|---|---|---|
| Dewey Decimal Classification | London | London | Folio | 24/01/2013 | F333.70285 BOO | 30075078 | 06/08/2019 | 1 | 06/08/2019 | Book |